| 000 | 01384nam a2200349 a 4500 | ||
|---|---|---|---|
| 999 |
_c56453 _d56453 |
||
| 003 | BLK | ||
| 005 | 20250607144617.0 | ||
| 008 | 180408b bul|||||r ||||||| ||bul|| | ||
| 010 | _aKNG00060434000 | ||
| 040 | _aBLK | ||
| 041 |
_aBUL _cBUL |
||
| 080 |
_aОвощарство в цялост _b634.1 _x(035) _z634.1(035) |
||
| 100 | 1 |
_aВиденов, Боян Миланов _eпърви автор _9255022 |
|
| 139 |
_aВиденов, Боян Миланов и др. _bВ 57 |
||
| 245 | 1 | 0 |
_a700 съвета за любителя овощар _bРъководство _cБоян Миланов Виденов; Георги Т. Ковачев; Стойне Л. Манов |
| 250 | _a2. прераб. и доп. изд. | ||
| 257 | _aBGR | ||
| 260 |
_aСофия _bЗемиздат _c1977 |
||
| 300 |
_a420 с. _bс ил. _c20 см |
||
| 380 | _a63 | ||
| 500 | _aАвт. не са дадени на кор. | ||
| 650 | 7 |
_9164804 _aОвощарство |
|
| 653 | _aовощарство | ||
| 653 | 7 |
_aръководства _9195943 |
|
| 700 | 1 |
_aКовачев, Георги Т. _eсъавт. _9255023 |
|
| 700 | 1 |
_aМанов, Стойне Лазаров _9255024 |
|
| 852 |
_aЦб 89485 _bЦб |
||
| 856 | 4 |
_qpdf _i0.00 _ldisable |
|
| 942 |
_cKNG _n0 _s1 _01 |
||
| 944 |
_aCR _c13.06.2004 _k30575 _lМартин Енчев |
||
| 944 |
_aED _c31.08.2016 _kНаталия_Любомирова |
||